000 00487nam a2200181Ia 4500
001 28846
008 140415s9999 xx 000 0 und d
020 _a0-297-790-307
040 _cPK-LaUMT
082 _a 305.8924
_bLEW-S
100 _aBernard Lewis
245 _aSemites and anti-semites
_ban inquiry into conflict and prejudice
_cBernard Lewis
260 _aLondon,UK:
_bWeidenfeld & Nicolson,
_c1986
300 _a283 p.
546 _aEN
650 _aAntisemitism
942 _cBK
999 _c28925
_d28925